Statistics for NCAA College Teams by State: Utah

Click here to take the quiz!

General Stats

  • This quiz has been taken 12 times
  • The average score is 6 of 8

Answer Stats

% Correct
Division I-ABYUCougars
100%
Division I-AUtahUtes
91%
Division I-AASouthern UtahThunderbirds
82%
Division I-AUtah StateAggies
82%
Division I-AAUtah TechTrailblazers
82%
Division I-AAUtah ValleyWolverines
82%
Division I-AAWeber StateWildcats
73%
Division IIWestminsterGriffins
45%

Score Distribution

Percentile by Number Answered

Percent of People with Each Score

Your Score History

You have not taken this quiz